|
|
|
|
| LEADER |
02716nam a22005655i 4500 |
| 001 |
978-3-319-56106-6 |
| 003 |
DE-He213 |
| 005 |
20180206110800.0 |
| 007 |
cr nn 008mamaa |
| 008 |
171027s2017 gw | s |||| 0|eng d |
| 020 |
|
|
|a 9783319561066
|9 978-3-319-56106-6
|
| 024 |
7 |
|
|a 10.1007/978-3-319-56106-6
|2 doi
|
| 040 |
|
|
|d GrThAP
|
| 050 |
|
4 |
|a QP34-38
|
| 072 |
|
7 |
|a MFG
|2 bicssc
|
| 072 |
|
7 |
|a MED075000
|2 bisacsh
|
| 082 |
0 |
4 |
|a 612
|2 23
|
| 245 |
1 |
0 |
|a Cardiac Regeneration
|h [electronic resource] /
|c edited by Masaki Ieda, Wolfram-Hubertus Zimmermann.
|
| 264 |
|
1 |
|a Cham :
|b Springer International Publishing :
|b Imprint: Springer,
|c 2017.
|
| 300 |
|
|
|a VII, 274 p. 29 illus., 28 illus. in color.
|b online resource.
|
| 336 |
|
|
|a text
|b txt
|2 rdacontent
|
| 337 |
|
|
|a computer
|b c
|2 rdamedia
|
| 338 |
|
|
|a online resource
|b cr
|2 rdacarrier
|
| 347 |
|
|
|a text file
|b PDF
|2 rda
|
| 490 |
1 |
|
|a Cardiac and Vascular Biology,
|x 2509-7830
|
| 520 |
|
|
|a This Volume of the series Cardiac and Vascular Biology offers a comprehensive and exciting, state-of-the-art work on the current options and potentials of cardiac regeneration and repair. Several techniques and approaches have been developed for heart failure repair: direct injection of cells, programming of scar tissue into functional myocardium, and tissue-engineered heart muscle support. The book introduces the rationale for these different approaches in cell-based heart regeneration and discusses the most important considerations for clinical translation. Expert authors discuss when, why, and how heart muscle can be salvaged. The book represents a valuable resource for stem cell researchers, cardiologists, bioengineers, and biomedical scientists studying cardiac function and regeneration.
|
| 650 |
|
0 |
|a Medicine.
|
| 650 |
|
0 |
|a Human physiology.
|
| 650 |
|
0 |
|a Molecular biology.
|
| 650 |
|
0 |
|a Biomedical engineering.
|
| 650 |
|
0 |
|a Cardiology.
|
| 650 |
|
0 |
|a Stem cells.
|
| 650 |
|
0 |
|a Regenerative medicine.
|
| 650 |
|
0 |
|a Tissue engineering.
|
| 650 |
1 |
4 |
|a Biomedicine.
|
| 650 |
2 |
4 |
|a Human Physiology.
|
| 650 |
2 |
4 |
|a Biomedical Engineering/Biotechnology.
|
| 650 |
2 |
4 |
|a Regenerative Medicine/Tissue Engineering.
|
| 650 |
2 |
4 |
|a Stem Cells.
|
| 650 |
2 |
4 |
|a Cardiology.
|
| 650 |
2 |
4 |
|a Molecular Medicine.
|
| 700 |
1 |
|
|a Ieda, Masaki.
|e editor.
|
| 700 |
1 |
|
|a Zimmermann, Wolfram-Hubertus.
|e editor.
|
| 710 |
2 |
|
|a SpringerLink (Online service)
|
| 773 |
0 |
|
|t Springer eBooks
|
| 776 |
0 |
8 |
|i Printed edition:
|z 9783319561042
|
| 830 |
|
0 |
|a Cardiac and Vascular Biology,
|x 2509-7830
|
| 856 |
4 |
0 |
|u http://dx.doi.org/10.1007/978-3-319-56106-6
|z Full Text via HEAL-Link
|
| 912 |
|
|
|a ZDB-2-SBL
|
| 950 |
|
|
|a Biomedical and Life Sciences (Springer-11642)
|